Cómo se hace una tesis: técnicas y procedimientos de estudio, investigación y escritura
Saved in:
| Hovedforfatter: | |
|---|---|
| Format: | Bog |
| Sprog: | spansk |
| Udgivet: |
Barcelona
Gedisa
1990
|
| Udgivelse: | 9a. ed |
| Serier: | Libertad y cambio. Serie práctica
|
| Fag: | |
| Tags: |
Tilføj Tag
Ingen Tags, Vær først til at tagge denne postø!
|
MARC
| LEADER | 00000nam a2200000 a 4500 | ||
|---|---|---|---|
| 001 | UCV2112 | ||
| 003 | CL-VaPUC | ||
| 008 | 911029e19900000SP |||||||||||||||||spa|d | ||
| 082 | 0 | 4 | |a 001.4 |b ECO |2 21 |
| 100 | 0 | |a Eco, Umberto |e author |9 296354 | |
| 245 | 1 | 0 | |a Cómo se hace una tesis: técnicas y procedimientos de estudio, investigación y escritura |
| 250 | |a 9a. ed | ||
| 300 | |a 267 p | ||
| 942 | |c BK | ||
| 945 | |d 19911029 00:00:00 | ||
| 260 | |a Barcelona |b Gedisa |c 1990 | ||
| 650 | 7 | |a TESIS |2 CL-VaPUC |9 257341 | |
| 583 | |a last modification |c 19911029 00:00:00 |k Rodrigo Vera | ||
| 490 | 0 | |a Libertad y cambio. Serie práctica | |
| 999 | |c 209796 |d 209794 | ||
| 952 | |0 0 |1 0 |4 0 |6 001_400000000000000_ECO_1990 |7 0 |8 R |9 185554 |a BIBGIM |b BIBGIM |d 2019-11-14 |i 2530244 |o 001.4 ECO 1990 |p 2530244 |r 2025-01-15 |w 2019-11-14 |y BK_R |k COM | ||
| 952 | |0 0 |1 0 |4 0 |6 001_400000000000000_ECO_1990 |7 0 |8 A |9 185555 |a BIBCUR |b BIBCUR |d 2019-11-14 |i 2530252 |o 001.4 ECO 1990 |p 2530252 |r 2025-04-22 |w 2019-11-14 |y BK |k FIS | ||
| 952 | |0 0 |1 0 |4 0 |6 001_400000000000000_ECO_1990 |7 0 |8 DER_TF |9 185556 |a BIBDER |b BIBDER |d 2019-11-14 |i 2530260 |o 001.4 ECO 1990 |p 2530260 |r 2023-01-25 |w 2019-11-14 |x Ubicación 4to Piso |y BK |z Estos recursos deben solicitarse con anticipación |k DER | ||